| 000 | 00000nam 2200000zi 4500 |
| 001 | 9.951256 |
| 003 | CaOODSP |
| 005 | 20250828113914 |
| 006 | m o d f |
| 007 | cr cn||||||||| |
| 008 | 250521e202506##oncd ob f000 0 eng d |
| 020 | |a9780660773728 |
| 040 | |aCaOODSP|beng|erda|cCaOODSP |
| 043 | |an-cn--- |
| 086 | 1 |aH149-20/1-2025E-PDF |
| 245 | 04|aThe third legislative review of the Tobacco and Vaping Products Act : |bdiscussion paper. |
| 264 | 1|aOttawa, ON : |bHealth Canada = Santé Canada, |cJune 2025. |
| 264 | 4|c©2025 |
| 300 | |a1 online resource (35 pages) : |bgraphs |
| 336 | |atext|btxt|2rdacontent |
| 337 | |acomputer|bc|2rdamedia |
| 338 | |aonline resource|bcr|2rdacarrier |
| 500 | |aCover title. |
| 500 | |aIssued also in French under title: Document de discussion : troisième examen législatif de la Loi sur le tabac et les produits de vapotage. |
| 504 | |aIncludes bibliographical references (pages 32-35). |
| 520 | |a"The TVPA requires a review of its provisions and operation three years after coming into force, and every two years thereafter. This third Legislative Review of the Tobacco and Vaping Products Act (TVPA) will focus on compliance and enforcement issues identified in the final report for the first and the second review. This includes a potential need for additional or enhanced tools for a progressive enforcement approach to help address non-compliance"--Legislative review, page 4. |
| 610 | 10|aCanada. |tTobacco and Vaping Products Act. |
| 650 | 0|aTobacco|xLaw and legislation|zCanada. |
| 650 | 0|aVaping|xLaw and legislation|zCanada. |
| 710 | 1 |aCanada. |bHealth Canada, |eissuing body. |
| 775 | 08|tDocument de discussion : |w(CaOODSP)9.951257 |
| 795 | |tThe second legislative review of the Tobacco and Vaping Products Act : |w(CaOODSP)9.925510 |
| 856 | 40|qPDF|s605 KB|uhttps://publications.gc.ca/collections/collection_2025/sc-hc/H149-20-1-2025-eng.pdf |
| 856 | 4 |qHTML|sN/A|uhttps://www.canada.ca/en/health-canada/programs/consultation-third-legislative-review-tobacco-vaping-products-act/document.html |
| 986 | |a250067 |